000 00619nam a2200193 4500
001 2227
005 20181127164802.0
008 901031s1991 ilua b 001 0 eng
010 _a 90085503
020 _a0256097623
245 0 0 _aFoundations of financial management /
_cStanley B. Block ... [et al.].
250 _a2nd Canadian ed.
260 _aBoston :
_bIrwin,
_c2000.
300 _axxiv, 677 p. :
_bill. ;
_c24 cm.
504 _aIncludes bibliographical references and index.
650 0 _aCorporations
_xFinance.
700 1 _aBlock, Stanley B.
700 1 _aBlock, Stanley B.
_tFoundations of financial management.
999 _c1766
_d1766